<?xml version="1.0" encoding="UTF-8"?>
<record
    xmlns:xsi="http://www.w3.org/2001/XMLSchema-instance"
    xsi:schemaLocation="http://www.loc.gov/MARC21/slim http://www.loc.gov/standards/marcxml/schema/MARC21slim.xsd"
    xmlns="http://www.loc.gov/MARC21/slim">

  <leader>02892nam a2200457Ii 4500</leader>
  <controlfield tag="001">DIGMOR0021</controlfield>
  <controlfield tag="003">NyNyDIG</controlfield>
  <controlfield tag="008">140601s2009    sp      ob    001 0 spa d</controlfield>
  <controlfield tag="006">m     o  d        </controlfield>
  <controlfield tag="007">cr |||||||||||</controlfield>
  <datafield tag="020" ind1=" " ind2=" ">
    <subfield code="a">9788471125392</subfield>
    <subfield code="q">(eBook)</subfield>
  </datafield>
  <datafield tag="020" ind1=" " ind2=" ">
    <subfield code="z">8471125323</subfield>
  </datafield>
  <datafield tag="020" ind1=" " ind2=" ">
    <subfield code="z">9788471125323</subfield>
  </datafield>
  <datafield tag="035" ind1=" " ind2=" ">
    <subfield code="a">(OCoLC)891306133</subfield>
  </datafield>
  <datafield tag="041" ind1="1" ind2=" ">
    <subfield code="a">spa</subfield>
    <subfield code="h">eng</subfield>
  </datafield>
  <datafield tag="040" ind1=" " ind2=" ">
    <subfield code="a">DGITA</subfield>
    <subfield code="b">eng</subfield>
    <subfield code="e">rda</subfield>
    <subfield code="e">pn</subfield>
    <subfield code="c">DGITA</subfield>
  </datafield>
  <datafield tag="050" ind1="1" ind2="4">
    <subfield code="a">LB1555 eBook</subfield>
  </datafield>
  <datafield tag="130" ind1="0" ind2=" ">
    <subfield code="a">Letting the outside in.</subfield>
    <subfield code="l">Spanish</subfield>
  </datafield>
  <datafield tag="245" ind1="1" ind2="0">
    <subfield code="a">Deja que el mundo exterior entre en el aula :</subfield>
    <subfield code="b">nuevas formas de ense&#xF1;ar y aprender m&#xE1;s all&#xE1; del aula de Educaci&#xF3;n Infantil /</subfield>
    <subfield code="c">[compilado] por Rebecca Austin ; traducci&#xF3;n de Tom&#xE1;s del Amo, Ma. del Carmen Blanco.</subfield>
  </datafield>
  <datafield tag="264" ind1=" " ind2="1">
    <subfield code="a">Madrid :</subfield>
    <subfield code="b">Ediciones Morata,</subfield>
    <subfield code="c">2009.</subfield>
  </datafield>
  <datafield tag="300" ind1=" " ind2=" ">
    <subfield code="a">1 online resource (150 pages) :</subfield>
    <subfield code="b">illustrations.</subfield>
  </datafield>
  <datafield tag="336" ind1=" " ind2=" ">
    <subfield code="a">text</subfield>
    <subfield code="b">txt</subfield>
    <subfield code="2">rdacontent</subfield>
  </datafield>
  <datafield tag="337" ind1=" " ind2=" ">
    <subfield code="a">computer</subfield>
    <subfield code="b">c</subfield>
    <subfield code="2">rdamedia</subfield>
  </datafield>
  <datafield tag="338" ind1=" " ind2=" ">
    <subfield code="a">online resource</subfield>
    <subfield code="b">cr</subfield>
    <subfield code="2">rdacarrier</subfield>
  </datafield>
  <datafield tag="500" ind1=" " ind2=" ">
    <subfield code="a">Translation of: Letting the outside in.</subfield>
  </datafield>
  <datafield tag="504" ind1=" " ind2=" ">
    <subfield code="a">Includes bibliographical references (pages  [141]-147]. and index.</subfield>
  </datafield>
  <datafield tag="505" ind1="0" ind2=" ">
    <subfield code="a">Introducci&#xF3;n / Rebecca Austin -- I. Explorar el ancho mundo / Ian Shirley -- II. Sacar lo de dentro al exterior / Sue Hammond -- III: Geograf&#xED;as personales: Los ni&#xF1;os y su entorno local / Ferry Whyte -- IV: Utilizar el entorno edificado para generar composiciones musicales / Jonathan Barnes -- V: Espacios de zonas urbanas / Gina Donaldson -- VI: Desarrollar una pr&#xE1;ctica pedag&#xF3;gicamente adecuada / Jane Williams-Siegfredsen -- VII: "Sacar el m&#xE1;ximo de lo que tienes": Adoptar y adaptar el enfoque de las Aulas de la Naturaleza / Trisha Maynard -- VIII: Aprendizaje por el movimiento: Introducir el movimiento en el aula / Richard Bailey e Ian Pickup -- IX: Completar la colecci&#xF3;n / Gill Hope -- X: Los ni&#xF1;os y sus padres en las escuelas: Un acuerdo global / Rebecca -- XI: El ancho mundo: Desarrollar la comprensi&#xF3;n intercultural de los ni&#xF1;os peque&#xF1;os / Helen Taylor y Rebecca Austin -- XII: Utilizar sin agotar: Implicar a profesores, ni&#xF1;os y comunidades en estilos de vida sostenibles / Alan Peacock.</subfield>
  </datafield>
  <datafield tag="588" ind1="0" ind2=" ">
    <subfield code="a">Online resource; title from ePub and PDF title page (Digitalia, viewed June 2, 2014)</subfield>
  </datafield>
  <datafield tag="650" ind1=" " ind2="0">
    <subfield code="a">Elementary school teaching.</subfield>
  </datafield>
  <datafield tag="650" ind1=" " ind2="0">
    <subfield code="a">Learning.</subfield>
  </datafield>
  <datafield tag="655" ind1=" " ind2="0">
    <subfield code="a">Electronic books.</subfield>
  </datafield>
  <datafield tag="700" ind1="1" ind2=" ">
    <subfield code="a">Austin, Rebecca,</subfield>
    <subfield code="e">editor.</subfield>
  </datafield>
  <datafield tag="700" ind1="1" ind2=" ">
    <subfield code="a">Amo, Tomas, del,</subfield>
    <subfield code="e">translator.</subfield>
  </datafield>
  <datafield tag="700" ind1="1" ind2=" ">
    <subfield code="a">Blanco, Mar&#xED;a del Carmen,</subfield>
    <subfield code="e">translator.</subfield>
  </datafield>
  <datafield tag="776" ind1="0" ind2="8">
    <subfield code="i">Print version:</subfield>
    <subfield code="a">Austin, Rebecca.</subfield>
    <subfield code="t">Deja que el mundo exterior entre en el aula.</subfield>
    <subfield code="d">Madrid : Ediciones Morata, c2009</subfield>
    <subfield code="z">9788471125323</subfield>
    <subfield code="w">(OCoLC)733706821</subfield>
  </datafield>
  <datafield tag="793" ind1="0" ind2=" ">
    <subfield code="g">Digitalia eBook Collection:</subfield>
    <subfield code="a">Ediciones Morata.</subfield>
  </datafield>
  <datafield tag="791" ind1="2" ind2=" ">
    <subfield code="a">Digitalia (Firm)</subfield>
    <subfield code="e">publisher.</subfield>
  </datafield>
  <datafield tag="856" ind1="4" ind2="0">
    <subfield code="3">Digitalia Hisp&#xE1;nica</subfield>
    <subfield code="u">https://www.digitaliapublishing.com/a/1456/</subfield>
  </datafield>
  <datafield tag="910" ind1=" " ind2=" ">
    <subfield code="a">Premium Collection: 2013</subfield>
  </datafield>
  <datafield tag="942" ind1=" " ind2=" ">
    <subfield code="c">RAA</subfield>
  </datafield>
  <datafield tag="952" ind1=" " ind2=" ">
    <subfield code="0">0</subfield>
    <subfield code="1">0</subfield>
    <subfield code="4">0</subfield>
    <subfield code="7">0</subfield>
    <subfield code="8">DEH</subfield>
    <subfield code="a">BD-UIN</subfield>
    <subfield code="b">BD-UIN</subfield>
    <subfield code="d">2025-04-25</subfield>
    <subfield code="l">0</subfield>
    <subfield code="r">2025-04-25</subfield>
    <subfield code="w">2025-04-25</subfield>
    <subfield code="y">RAA</subfield>
  </datafield>
  <datafield tag="999" ind1=" " ind2=" ">
    <subfield code="c">230230</subfield>
    <subfield code="d">230230</subfield>
  </datafield>
</record>
